Top 25 QBs in EA's CFB 25 - Statistics

General Stats
  • This quiz has been taken 168 times
  • The average score is 4 of 25
Answer Stats
Hint Answer % Correct
92 OVR Quinn Ewers
76%
93 OVR Shedeur Sanders
53%
93 OVR Carson Beck
50%
90 OVR Jalen Milroe
45%
87 OVR Arch Manning
33%
87 OVR Cade Klubnik
26%
90 OVR Jaxson Dart
26%
89 OVR Cameron Ward
25%
88 OVR Drew Allar
24%
86 OVR Nico Iamaleava
14%
88 OVR Riley Leonard
14%
90 OVR Jalon Daniels
13%
92 OVR Dillion Gabriel
10%
88 OVR Brady Cook
8%
89 OVR Noah Fifita
5%
89 OVR Cameron Rising
3%
88 OVR Conner Weigman
2%
86 OVR DJ Uiagalelei
2%
88 OVR Grayson McCall
2%
90 OVR Kaidon Salter
2%
87 OVR KJ Jefferson
2%
86 OVR Kyron Drones
2%
88 OVR Preston Stone
2%
87 OVR Garett Greene
0%
89 OVR Seth Henigan
0%
No matching quizzes found
Score Distribution
Percent of People with Each Score
Percentile by Number Answered
Your Score History
You have not taken this quiz